00648nam a2200145Ia 4500008004100000100003300041245015200074245003200226260003200258260001500290650001200305856009300317999001900410952007300429160809s9999 xx 000 0 und d aGiakoumidakis, Konstantinos. 4aThe Hypo-Utilization of Cardiac Rehabilitation among Patients Undergoing Percutaneous Coronary Intervention: The Critical Role of the Cardiac Nurse cKonstantinos Giakoumidakis. bJournal of Nursing and Care cApril 2016 xNURSING uhttp://www.omicsgroup.org/journals/ArchiveJNC/previousissue-nursing-care-open-access.php c300173d300173 001040aCLbCLd2016-08-09l0r2016-08-09 00:00:00w2016-08-09yFOJ